Economic geography of the USSR : (Record no. 21662)
[ view plain ]
| 000 -LEADER | |
|---|---|
| fixed length control field | 01019cam a2200253 4500 |
| 001 - CONTROL NUMBER | |
| control field | 21662 |
| 003 - CONTROL NUMBER IDENTIFIER | |
| rucl marc code | BD-RjUL |
| 005 - DATE AND TIME OF LATEST TRANSACTION | |
| control field | 20211209000720.0 |
| 008 - FIXED-LENGTH DATA ELEMENTS--GENERAL INFORMATION | |
| fixed length control field | 140305s1969 ru abf 000 0 eng |
| 035 ## - SYSTEM CONTROL NUMBER | |
| System control number | (BD-RjUL)21727 |
| 040 ## - CATALOGING SOURCE | |
| Original cataloging agency | DLC |
| Transcribing agency | DLC |
| Modifying agency | DLC |
| -- | BD-RjUL |
| Language of cataloging | eng |
| 041 1# - LANGUAGE CODE | |
| Language code of text/sound track or separate title | engrus |
| 082 00 - DEWEY DECIMAL CLASSIFICATION NUMBER | |
| Classification number | 330.947 |
| Author mark and year | LAE 1969 |
| 100 1# - MAIN ENTRY--PERSONAL NAME | |
| Personal name | Lavrishchev, A. N. |
| Fuller form of name | (Alekseĭ Nikitich) |
| 9 (RLIN) | 66896 |
| 245 10 - TITLE STATEMENT | |
| Title | Economic geography of the USSR : |
| Remainder of title | general information, geography of the industry, agriculture and transport / |
| Statement of responsibility, etc. | [by] A. Lavrishchev. [Translated from the Russian by David Myshne; designed by Victor Kuzyakow] |
| 260 ## - PUBLICATION, DISTRIBUTION, ETC. (IMPRINT) | |
| Place of publication, distribution, etc. | Moscow : |
| Name of publisher, distributor, etc. | Progress Publishers, |
| Date of publication, distribution, etc. | 1969. |
| 300 ## - PHYSICAL DESCRIPTION | |
| Pagination | 379 p. : |
| Illustrations | illus., maps (1 fold. col. in pocket) plates ; |
| Size | 22 cm. |
| 500 ## - GENERAL NOTE | |
| General note | Translation of Ėkonomicheskai︠a︡ geografii︠a︡ SSSR. |
| 651 #0 - SUBJECT ADDED ENTRY--GEOGRAPHIC NAME | |
| Geographic name | Soviet Union |
| General subdivision | Economic conditions |
| Chronological subdivision | 1955-1965. |
| 9 (RLIN) | 13195 |
| 942 ## - ADDED ENTRY ELEMENTS (KOHA) | |
| Source of classification or shelving scheme | Dewey Decimal Classification |
| Koha item type | Books |
| Lost status | Source of classification or shelving scheme | Damaged status | Not for loan | Collection code | Permanent Location | Current Location | Shelving location | Date acquired | Source of acquisition | Total Checkouts | Full call number | Date last seen | Copy number | Koha item type |
|---|---|---|---|---|---|---|---|---|---|---|---|---|---|---|
| Dewey Decimal Classification | Non-fiction | Central Library, University of Rajshahi | Central Library, University of Rajshahi | 06/04/1995 | Gift | 330.947 LAE 1969 | 05/03/2014 | C-7 | Books |